| 000 | 02694 a2200301 4500 | ||
|---|---|---|---|
| 005 | 20090326145210.0 | ||
| 008 | 090326t xxu||||| |||| 00| 0 hin d | ||
| 010 | _aB-301136-1142 | ||
| 020 |
_c120.00 _a8188857319 |
||
| 035 | _aB-301136-1142 | ||
| 037 | _bक्षितिज | ||
| 040 |
_adpl _bhn |
||
| 082 | _a615.854 | ||
| 100 | _aभाटिया, सुदर्शन | ||
| 245 |
_aआहार द्वारा उपचार / _cसुदर्शन भाटिया |
||
| 260 |
_aदिल्ली _bक्षितिज _c2007. |
||
| 270 |
_aवी-8, नवीन शाहदरा _bदिल्ली _cदिल्ली _e110032 |
||
| 300 |
_a183पृ, _c22 सेमी (अजिल्द) |
||
| 942 |
_adpl _cHN _k/ भाटिया _2ddc _h615.854 _mभाटिया |
||
| 999 |
_c12883 _d12883 |
||